000 01707nam a2200349 a 4500
001 BS0003534
003 BR-BrBNA
005 20230418192336.0
008 230308b |||||||| |||| 00| 0 por d
040 _aBR-BrBNA
_bpor
_cBiblioteca Nacional de Agricultura
041 _apor
072 _aB50
090 _aB50 BS0003534
100 1 _aLuthar, Oto. (org.)
100 1 _aGrdina, Igor.
110 1 _aSasel Kos, M.
110 1 _aSvoljsak, P.
110 1 _aKos, P.
110 1 _aKos, D.
110 1 _aStih, P.
110 1 _aBrglez, A.
110 1 _aPogacar, M.
245 1 _aA terra e o seu entorno: uma história da eslovênia /
260 3 _aBrasília, DF:
_bFundação Alexandre Gusmão,
_c2015.
300 _a841 p.
520 3 _aUm estudo que faz com que o leitor sinta e entenda que, desde o fim da Guerra Fria, a Europa Central ganhou nova vida. Os antigos países-fronteiras entre o Leste e o Oeste do continente constroem suas novas identidades. A Eslovênia é uma das novas sociedades democráticas mais bem-sucedidas do centro da Europa. Este livro é um excelente exemplar da história da Eslovênia, que mapeia a narrativa de um pequeno povo europeu sem cair nas armadilhas da criação de mitos nacionais. Escrever sobre um país europeu pequeno, com dois milhões de habitantes, que almeja por tradições centro-europeias, mediterrâneas e balcânicas ao mesmo tempo, não é uma tarefa fácil. Esta obra proporciona ótima leitura para os interessados em entender as fascinantes e criativas complexidades do coração da Europa.
650 _aHISTÓRIA
650 _aPRÉ-HISTÓRIA
650 _aESLOVÊNIA
909 _a202304
_bSergio Santos
_c56
_dSergio Santos
942 _cBK
999 _c8594
_d8594